[Event "ITA-ch Women 2019"]
[Site "Padova"]
[Date "2019.11.28"]
[Round "1"]
[White "Zimina, Olga"]
[Black "Palma, Maria"]
[Result "1-0"]
[WhiteElo "2406"]
[BlackElo "1957"]
[Annotator "TA"]
[PlyCount "67"]
[EventDate "2019.11.28"]
[EventType "tourn"]
[EventCountry "ITA"]
[SourceTitle "playchess.com"]
[Source "ChessBase"]
[SourceQuality "1"]

{[%evp 19,67,39,70,48,92,87,100,93,110,101,101,89,85,85,86,84,95,87,94,93,87,95,95,85,94,90,158,119,193,192,194,193,210,208,206,208,201,212,218,199,200,196,270,271,261,256,359,363,353,346]} 1. Nf3 d5 2. d4 e6 3. g3 Nf6 4. Bg2 c5 5. O-O cxd4 6. Nxd4 Be7 7. c4 O-O 8. cxd5 exd5 9. Nc3 Nc6 10. Be3 Re8 11. Qa4 {D34: Tarrasch Defence: 6 g3 Nf6 7 Bg2 Be7} Ne5 12. Rad1 Bd7 $146 ({Predecessor:} 12... Bg4 13. h3 Be6 14. Nxe6 fxe6 15. Qb3 Qa5 16. a3 Kh8 17. Bf4 Nc4 18. e4 Rac8 19. exd5 Nxb2 20. Qxb2 Bxa3 21. Qxb7 Qxc3 {1-0 (28) Khismatullin,D (2667)-Soultatis,K (2105) Chalkis 2010}) 13. Qb3 {White is better.} Bc6 14. Nf5 Bf8 15. Nxd5 Nxd5 16. Bxd5 Qf6 17. Bxc6 bxc6 18. Qc2 g6 19. Nh4 Ng4 20. Ng2 Qe6 21. b3 a5 22. Rd3 {[%cal Bd1d3,Bd3c3,Bc3c4][%mdl 32]} Nf6 (22... a4 $142) 23. Rc3 Ra6 (23... Bd6 $16) 24. Nf4 $18 Qe4 25. Rc1 Rc8 26. Rc4 Qxc2 27. R1xc2 Nd7 28. Nd3 Bg7 29. b4 {Threatens to win with b5!} axb4 30. Nxb4 ({Don't do} 30. Rxb4 $6 Ne5 $16) 30... Ra4 (30... Ra3 $142 31. Nxc6 Kh8) 31. Nxc6 {[%mdl 64] [#] Discovered Attack} ({Don't take} 31. Rxc6 $6 Rxc6 32. Nxc6 Kf8 $18) 31... Rxc4 32. Rxc4 {Strongly threatening Ne7+.} Kf8 (32... Ra8 {might work better.} 33. a4 f5) 33. a4 {[%cal Ba2a4,Ba4a5][%mdl 32]} Ra8 34. a5 {Accuracy: White = 98%, Black = 45%.} 1-0

[Event "ITA-ch Women 2019"]
[Site "Padova"]
[Date "2019.11.28"]
[Round "1"]
[White "Gueci, Tea"]
[Black "Sedina, Elena"]
[Result "1/2-1/2"]
[WhiteElo "2268"]
[BlackElo "2304"]
[Annotator "TA"]
[PlyCount "54"]
[EventDate "2019.11.28"]
[EventType "tourn"]
[EventCountry "ITA"]
[SourceTitle "playchess.com"]
[Source "ChessBase"]
[SourceQuality "1"]

{[%evp 9,54,14,16,0,-4,-23,0,-3,-7,-14,-5,-34,0,-21,-35,-39,-35,-54,-14,-42,0,0,0,0,0,-13,-14,-13,-12,-37,-20,-40,-45,-22,-20,-20,0,0,0,0,33,0,0,0,0,-43,-67]} 1. c4 e5 2. g3 Nf6 3. Nc3 c6 4. d4 e4 5. Bg2 d5 6. e3 {A23: English Opening: 1...e5 2 Nc3 Nf6 3 g3 c6} (6. Bg5 Bb4 7. Qb3 Bxc3+ 8. Qxc3 O-O 9. f3 dxc4 10. Bxf6 Qxf6 11. fxe4 c5 12. e5 cxd4 13. exf6 dxc3 14. fxg7 {½-½ (40) McShane,L (2647)-Anand,V (2783) Germany 2018}) 6... Bb4 7. Qb3 Qe7 $146 ({Predecessor:} 7... Bxc3+ 8. Qxc3 O-O 9. Ne2 Bg4 10. h3 Bf3 11. Bxf3 exf3 12. Ng1 Ne4 {0-1 (30) Cortes Bueno,J (2264)-Ramiro Ovejero,J (2296) Aragon 2005}) 8. cxd5 {The position is equal.} cxd5 9. Nge2 O-O 10. O-O Rd8 11. Nf4 {[%cal Rf4d5]} Bxc3 12. Qxc3 Nc6 13. h3 Bd7 14. Bd2 Rac8 (14... g5 $5 {[%cal Rg5f4]} 15. Ne2 Rac8 $11) 15. Qb3 Qd6 16. Rfc1 b6 17. a3 g5 18. Ne2 h5 19. Qd1 Kg7 20. Nc3 Be6 21. Qf1 Na5 {Hoping for ...Nb3.} 22. Nb5 Qd7 {[#] Strongly threatening ...Nb3.} 23. Bxa5 bxa5 24. Rc5 Rb8 25. b4 axb4 26. axb4 Rb7 27. Ra5 Rdb8 {Accuracy: White = 42%, Black = 59%.} 1/2-1/2

[Event "ITA-ch Women 2019"]
[Site "Padova"]
[Date "2019.11.28"]
[Round "1"]
[White "Santeramo, Alessia"]
[Black "De Rosa, Mariagrazia"]
[Result "1-0"]
[WhiteElo "2138"]
[BlackElo "2090"]
[Annotator "RC"]
[PlyCount "45"]
[EventDate "2019.11.28"]
[EventType "tourn"]
[EventCountry "ITA"]
[SourceTitle "playchess.com"]
[Source "ChessBase"]
[SourceQuality "1"]
[TimeControl "40/6600+30:20/3000+30:900+30"]

1. e4 c5 2. Nf3 d6 3. Bb5+ Nd7 4. a4 a6 5. Be2 Ngf6 6. Nc3 b6 7. d4 cxd4 8. Qxd4 e5 9. Qe3 Bb7 10. O-O Be7 11. Nd2 O-O 12. Nc4 Qc7 13. Rd1 Rfe8 14. Kh1 Nxe4 15. Nxe4 d5 16. Bg4 Qxc4 17. Bxd7 Red8 18. Nd2 Qxc2 19. Bg4 Qg6 20. Qh3 d4 21. Nf3 Bd6 22. Bf5 Qf6 23. Qxh7+ 1-0

[Event "ITA-ch Women 2019"]
[Site "Padova"]
[Date "2019.11.28"]
[Round "1"]
[White "Raccanello, Marianna"]
[Black "Andolfatto, Maria"]
[Result "0-1"]
[WhiteElo "2049"]
[BlackElo "1937"]
[Annotator "NA RC"]
[PlyCount "106"]
[EventDate "2019.11.28"]
[EventType "tourn"]
[EventCountry "ITA"]
[SourceTitle "playchess.com"]
[Source "ChessBase"]
[SourceQuality "1"]
[TimeControl "40/6600+30:20/3000+30:900+30"]

1. e4 e5 2. Nf3 Nf6 3. Nxe5 d6 4. Nf3 Nxe4 5. c4 Nc6 6. d4 {C42: Petroff Defence: 3 Nxe5 and unusual White 3rd moves} d5 7. a3 (7. c5 Be7 8. Bb5 O-O 9. O-O Bg4 10. Bxc6 bxc6 11. h3 Bh5 12. g4 Bg6 13. Ne5 Bf6 14. Nxc6 {0-1 (38) Karjakin,S (2782)-Caruana,F (2816) Leuven 2018}) 7... Be7 8. Bd3 Bf5 9. Nc3 $146 ({Predecessor:} 9. Qc2 Bg6 10. O-O Nf6 11. Bxg6 hxg6 12. c5 Ne4 13. Nc3 Nxc3 14. Qxc3 {½-½ (31) Movsesian,S (2655)-Cyborowski,L (2513) Czech Republic 2016}) 9... Nxc3 10. bxc3 Bxd3 11. Qxd3 dxc4 12. Qxc4 O-O 13. O-O Na5 14. Qa4 Qd5 15. Bf4 b6 16. Qc2 Nc4 17. a4 Bd6 18. Ng5 g6 19. Ne4 Kg7 20. Nxd6 cxd6 21. Qd3 Rfe8 22. Rfe1 Nb2 23. Qh3 Qc6 24. Bh6+ Kg8 25. Qh4 d5 26. h3 Re6 27. Rxe6 Qxe6 {[#]} 28. Ra2 $1 Nd1 29. Qg3 Rc8 30. Qf3 Nxc3 31. Rc2 Ne4 32. Rxc8+ Qxc8 33. Qf4 g5 34. Qe5 Qc1+ 35. Kh2 Qf4+ 36. Qxf4 gxf4 37. Bxf4 Nxf2 38. Bb8 a6 39. Ba7 b5 40. axb5 axb5 41. Bc5 Nd3 42. Kg3 b4 43. Kf3 Nxc5 44. dxc5 {[#]} Kf8 $1 45. Ke3 b3 46. Kd3 {[#]} d4 $1 47. g4 Ke7 48. h4 Ke6 49. h5 f6 50. c6 Kd6 51. Ke4 b2 52. Kf5 b1=Q+ 53. Kxf6 d3 0-1

[Event "ITA-ch Women 2019"]
[Site "Padova"]
[Date "2019.11.29"]
[Round "2"]
[White "De Rosa, Mariagrazia"]
[Black "Zimina, Olga"]
[Result "1-0"]
[WhiteElo "2090"]
[BlackElo "2406"]
[Annotator "ChessBase"]
[PlyCount "95"]
[EventDate "2019.11.28"]
[EventType "tourn"]
[EventCountry "ITA"]
[SourceTitle "playchess.com"]
[Source "ChessBase"]
[SourceQuality "1"]
[TimeControl "40/6600+30:20/3000+30:900+30"]

1. e4 c6 2. d4 d5 3. Nc3 dxe4 4. Nxe4 Bf5 5. Ng3 Bg6 6. N1e2 Nf6 7. Nf4 e5 8. Nxg6 hxg6 9. Be3 Nd5 10. dxe5 Nxe3 11. Qxd8+ Kxd8 12. fxe3 Ke7 13. O-O-O a5 14. Be2 Nd7 15. e6 Kxe6 16. Ne4 Ne5 17. Ng5+ Ke7 18. Rd4 f5 19. h4 Kf6 20. Rhd1 Re8 21. Rf4 Be7 22. g3 Rd8 23. Rdf1 Nf7 24. Nxf7 Kxf7 25. h5 gxh5 26. Rxf5+ Kg6 27. Rxa5 Bg5 28. Bd3+ Kh6 29. Kd2 Rhe8 30. Rf3 b6 31. Raf5 Re7 32. Ke2 Rde8 33. e4 c5 34. b3 Re6 35. a4 Bf6 36. a5 Bd4 37. axb6 Rxb6 38. Rd5 Rg6 39. b4 Rc8 40. bxc5 Bxc5 41. Rff5 Rgc6 42. Rxh5+ Kg6 43. Rdg5+ Kf7 44. Bc4+ Ke7 45. Rxg7+ Kf6 46. Rhg5 Bd6 47. e5+ Bxe5 48. R5g6+ 1-0

[Event "ITA-ch Women 2019"]
[Site "Padova"]
[Date "2019.11.29"]
[Round "2"]
[White "Raccanello, Marianna"]
[Black "Santeramo, Alessia"]
[Result "1/2-1/2"]
[WhiteElo "2049"]
[BlackElo "2138"]
[Annotator "NA"]
[PlyCount "76"]
[EventDate "2019.11.28"]
[EventType "tourn"]
[EventCountry "ITA"]
[SourceTitle "playchess.com"]
[Source "ChessBase"]
[SourceQuality "1"]
[TimeControl "40/6600+30:20/3000+30:900+30"]

1. e4 e5 2. Nf3 Nc6 3. Bc4 Nf6 4. d3 Bc5 5. c3 O-O 6. Bb3 a5 7. a4 d5 8. Qe2 dxe4 9. dxe4 h6 10. Nbd2 Nh5 11. Nc4 Qf6 12. O-O Nf4 13. Bxf4 Qxf4 14. Ne1 Bg4 15. Qc2 Ba7 16. Kh1 Rad8 17. f3 Be6 18. Nd3 Qg5 19. Ncxe5 Nxe5 20. f4 Bxb3 21. Qxb3 Qg6 22. Nxe5 Qxe4 23. Rae1 Qd5 24. c4 Qc5 25. Qxb7 Rd2 26. Qf3 Bb6 27. b3 Qa3 28. Rd1 Rfd8 29. Rxd2 Rxd2 30. Rd1 Qd6 31. Rxd2 Qxd2 32. g3 g5 33. Qc6 Kg7 34. Qd5 Qe1+ 35. Kg2 Qe2+ 36. Kh3 Qh5+ 37. Kg2 Qe2+ 38. Kh3 Qh5+ 1/2-1/2

[Event "ITA-ch Women 2019"]
[Site "Padova"]
[Date "2019.11.29"]
[Round "2"]
[White "Palma, Maria"]
[Black "Gueci, Tea"]
[Result "0-1"]
[WhiteElo "1957"]
[BlackElo "2268"]
[Annotator "ChessBase"]
[PlyCount "108"]
[EventDate "2019.11.28"]
[EventType "tourn"]
[EventCountry "ITA"]
[SourceTitle "playchess.com"]
[Source "ChessBase"]
[SourceQuality "1"]
[TimeControl "40/6600+30:20/3000+30:900+30"]

1. c4 e6 2. Nf3 d5 3. g3 Nf6 4. Bg2 d4 5. O-O Nc6 6. d3 Be7 7. e3 e5 8. exd4 exd4 9. Na3 O-O 10. Nc2 a5 11. b3 h6 12. a3 Ra6 13. Rb1 Rb6 14. Qd2 Bg4 15. b4 axb4 16. axb4 Qd7 17. b5 Bxf3 18. Bxf3 Ne5 19. Bg2 Bc5 20. Ba3 Bxa3 21. Nxa3 Qd6 22. Nc2 Ra8 23. Ra1 Rxa1 24. Rxa1 c6 25. bxc6 bxc6 26. Ne1 Nfd7 27. Nf3 Nxf3+ 28. Bxf3 Nc5 29. Qe2 Qe6 30. Qxe6 fxe6 31. Ra3 Kf7 32. Kg2 Kf6 33. h4 Ke5 34. Be2 Kd6 35. Kf3 Rb2 36. h5 Nd7 37. Bf1 Ne5+ 38. Kg2 Ng4 39. Kh3 Nxf2+ 40. Kh4 Nd1 41. g4 Ne3 42. Bh3 Rb7 43. Kg3 Rf7 44. Ra8 Re7 45. Rd8+ Kc5 46. Kf4 e5+ 47. Ke4 Rf7 48. g5 hxg5 49. Be6 Re7 50. Kxe5 Ng4+ 51. Kf5 Nh6+ 52. Kxg5 Rxe6 53. Rd7 Re5+ 54. Kg6 Nf5 0-1

[Event "ITA-ch Women 2019"]
[Site "Padova"]
[Date "2019.11.29"]
[Round "2"]
[White "Andolfatto, Maria"]
[Black "Sedina, Elena"]
[Result "0-1"]
[WhiteElo "1937"]
[BlackElo "2304"]
[Annotator "ChessBase"]
[PlyCount "56"]
[EventDate "2019.11.28"]
[EventType "tourn"]
[EventCountry "ITA"]
[SourceTitle "playchess.com"]
[Source "ChessBase"]
[SourceQuality "1"]
[TimeControl "40/6600+30:20/3000+30:900+30"]

1. c4 e5 2. g3 c6 3. Bg2 d5 4. cxd5 cxd5 5. d4 e4 6. Nc3 Nf6 7. Bg5 Bb4 8. Rc1 Nbd7 9. Nh3 O-O 10. O-O h6 11. Nxd5 hxg5 12. Nxb4 g4 13. Nf4 Nb6 14. e3 a5 15. Nc2 Nc4 16. Rb1 Bf5 17. Na3 Nd6 18. Qd2 Nh7 19. Rbc1 Ng5 20. Nc4 Ne8 21. Kh1 Ra6 22. d5 Nf3 23. Qc3 Rh6 24. Bxf3 gxf3 25. Qe5 Qg5 26. Nd2 Nf6 27. Kg1 Rxh2 28. Kxh2 Ng4+ 0-1

[Event "ITA-ch Women 2019"]
[Site "Padova"]
[Date "2019.11.30"]
[Round "3"]
[White "Zimina, Olga"]
[Black "Raccanello, Marianna"]
[Result "0-1"]
[WhiteElo "2406"]
[BlackElo "2049"]
[Annotator "TA"]
[PlyCount "84"]
[EventDate "2019.11.28"]
[EventType "tourn"]
[EventCountry "ITA"]
[SourceTitle "playchess.com"]
[Source "ChessBase"]
[SourceQuality "1"]

{[%evp 22,84,19,10,12,15,8,-49,4,-42,-34,-65,-62,-93,-102,-84,-82,-168,-184,-235,-209,-204,-225,-280,-267,-314,-310,-318,-308,-326,-299,-379,-385,-435,-166,-211,-187,-189,-161,-237,-209,-181,-204,-233,-244,-209,-53,-58,-57,-92,0,-97,-112,-599,-627,-29985,-29986,-29986,-29987,-29987,-3516,-29988,-29989,-29989,-29986]} 1. Nf3 Nf6 2. c4 g6 3. d4 Bg7 4. g3 O-O 5. Bg2 d6 6. O-O Nbd7 7. Nc3 e5 8. e4 c6 9. h3 Qb6 10. c5 dxc5 11. dxe5 Ne8 12. Qc2 Nc7 {E69: King's Indian: Fianchetto: 6...Nbd7 7 0-0 e5 8 e4 c6 9 h3} 13. Na4 Qb5 {[#]} 14. Bd2 $146 ({White should play} 14. Be3 $11) ({Predecessor:} 14. Rd1 Ne6 15. Be3 Re8 16. Rd2 c4 17. Rad1 Nxe5 18. Nxe5 Bxe5 19. Bf1 Qa6 20. f4 {0-1 (40) Berkes,F (2636)-Bortnyk,O (2565) Gjakova 2016}) 14... b6 (14... Ne6 $15) 15. Rfc1 {And now Bf1 would win.} Qa6 ({Avoid the trap} 15... Nxe5 $2 16. Nxe5 Ne6 17. Bf1 $18) 16. Bf1 Qb7 $1 17. b4 {[%cal Rb4c5]} Nxe5 18. Nxe5 Bxe5 19. Rab1 (19. bxc5 $17 {keeps fighting.} Bxa1 20. cxb6) 19... Nb5 $1 $19 20. bxc5 (20. Qd1 {is a better defense.}) 20... Na3 $1 {[%csl LRb1,LRc2][%mdl 64] Double Attack} 21. Qd3 Nxb1 22. Rxb1 Be6 23. Qc2 b5 24. Nc3 Qe7 25. Be3 Rfd8 26. Bg2 Bc4 27. Rc1 Bd4 $2 (27... Rd3 28. Nd1 Rad8) 28. Nd5 cxd5 29. Bxd4 {[#]} dxe4 $1 30. Qc3 (30. Bxe4 {was called for.} Rxd4 31. Bxa8) 30... Re8 ({Don't take} 30... Bxa2 31. Bf6 $17) 31. a4 a6 32. g4 Ra7 33. Re1 Qg5 $2 (33... Bd3 $19 34. Be3 Qe6) 34. axb5 $15 axb5 {Threatens to win with ...f5.} 35. c6 Rc7 (35... Rae7 $17 {Hoping for ...Re6.} 36. Bf6 {[%mdl 64] Double Attack} Qd5 37. Bxe7 Rxe7) 36. Bxe4 {[#]} (36. Rxe4 $11 {was the only way to keep the balance.} Rxe4 37. Bxe4) 36... Qf4 $1 $17 37. Bb6 $2 {[%mdl 8192]} (37. Bc5 $17 {is more resistant.}) 37... Rce7 $19 ({Weaker is} 37... Rxe4 38. Rxe4 Qxe4 39. Bxc7 $17) 38. f3 Qg3+ {[%mdl 64] Double Attack} 39. Kh1 Qxh3+ 40. Kg1 Qg3+ 41. Kh1 {[#]} Rxe4 $1 42. Rxe4 Rxe4 {Accuracy: White = 26%, Black = 62%.} 0-1

[Event "ITA-ch Women 2019"]
[Site "Padova"]
[Date "2019.11.30"]
[Round "3"]
[White "Sedina, Elena"]
[Black "Palma, Maria"]
[Result "1-0"]
[WhiteElo "2304"]
[BlackElo "1957"]
[Annotator "TA"]
[PlyCount "47"]
[EventDate "2019.11.28"]
[EventType "tourn"]
[EventCountry "ITA"]
[SourceTitle "playchess.com"]
[Source "ChessBase"]
[SourceQuality "1"]

{[%evp 9,79,15,22,13,17,29,33,21,21,-7,0,-6,-4,0,32,-29,72,64,70,95,81,90,96,89,95,90,124,98,149,139,198,151,137,51,48,68,106,90,245,236,452,386,386,378,376,370,401,363,340,351,441,404,446,429,575,573,643,643,2253,613,638,637,601,0,574,507,715,637,29975,644,29991,29992]} 1. e4 c5 2. Nf3 d6 3. Bb5+ Nd7 4. c3 Ngf6 5. Bd3 g6 6. O-O {B51: Sicilian: Moscow Variation (3 Bb5+) without 3...Bd7} Bg7 7. Bc2 O-O 8. d4 {White is slightly better.} b5 9. Qe2 Bb7 10. Re1 cxd4 11. cxd4 a6 12. e5 $146 (12. a4 $14) ({Predecessor:} 12. Nc3 b4 13. Na4 Bc6 14. e5 Nd5 15. e6 fxe6 16. Qxe6+ Kh8 17. Ng5 Bxd4 18. Nxh7 Rxf2 19. Kh1 Nc7 {0-1 (19) David,A (2557)-Firouzja,A (2682) Le Blanc Mesnil 2019}) 12... Nd5 (12... dxe5 $11 13. dxe5 Ng4) 13. e6 $1 $16 {[%cal Re6d7]} fxe6 14. Qxe6+ Kh8 15. Qh3 $1 {[#] Strongly threatening Bxg6.} Rxf3 $1 {[%mdl 512]} 16. Qxf3 (16. gxf3 Bxd4) 16... Bxd4 17. Nc3 Ne5 18. Qg3 Rc8 ({Black should try} 18... Qc8 19. Bg5 Nxc3 20. bxc3 Qxc3) 19. Be4 $1 Qg8 (19... Bxc3 $16 {keeps fighting.} 20. bxc3 Rxc3) 20. Bxd5 Bxd5 21. Rd1 (21. Ne2 $16 Bc5 22. Be3) 21... Bxc3 $1 $14 22. bxc3 Bc4 23. Be3 Nd3 $2 (23... Nf7 $16) 24. Qg4 {Played: Be3-g5} 1-0

[Event "ITA-ch Women 2019"]
[Site "Padova"]
[Date "2019.11.30"]
[Round "3"]
[White "Gueci, Tea"]
[Black "De Rosa, Mariagrazia"]
[Result "0-1"]
[WhiteElo "2268"]
[BlackElo "2090"]
[Annotator "NA"]
[PlyCount "52"]
[EventDate "2019.11.28"]
[EventType "tourn"]
[EventCountry "ITA"]
[SourceTitle "playchess.com"]
[Source "ChessBase"]
[SourceQuality "1"]
[TimeControl "40/6600+30:20/3000+30:900+30"]

1. e4 c5 2. Nf3 d6 3. d4 cxd4 4. Nxd4 Nf6 5. Nc3 a6 6. Be2 e6 7. O-O Be7 8. Be3 Qc7 9. f4 b5 10. a3 Bb7 11. Bd3 Nbd7 12. Qf3 Nc5 13. Rae1 O-O 14. Qh3 g6 15. Bf2 e5 16. Nf3 exf4 17. Qh6 Ne6 18. Nd4 Ng4 19. Nxe6 fxe6 20. Qh3 Nxf2 21. Qxe6+ Kg7 22. Rxf2 Bh4 23. g3 fxg3 24. hxg3 Bxg3 25. Rxf8 Rxf8 26. Rf1 Qc5+ 0-1

[Event "ITA-ch Women 2019"]
[Site "Padova"]
[Date "2019.11.30"]
[Round "3"]
[White "Santeramo, Alessia"]
[Black "Andolfatto, Maria"]
[Result "1/2-1/2"]
[WhiteElo "2138"]
[BlackElo "1937"]
[Annotator "TA"]
[PlyCount "172"]
[EventDate "2019.11.28"]
[EventType "tourn"]
[EventCountry "ITA"]
[SourceTitle "playchess.com"]
[Source "ChessBase"]
[SourceQuality "1"]

{[%evp 14,172,50,10,22,0,8,0,34,31,62,70,79,67,61,57,55,31,25,22,45,50,66,58,125,137,133,142,126,88,138,129,129,117,406,393,769,736,873,864,826,818,793,343,287,271,253,246,246,235,381,312,402,402,366,388,989,968,597,722,447,615,456,410,12836,12832,12838,12839,12831,250,6291,166,250,330,562,1625,12829,941,12841,12841,12841,0,1016,734,630,0,0,0,1098,0,540,512,12838,12839,12839,12839,12840,12840,12841,0,12836,0,12828,12822,12837,0,0,0,12837,0,0,0,0,0,0,0,0,0,0,0,0,0,0,0,0,0,0,0,0,0,0,0,0,0,0,0,0,0,0,0,0,0,0,0,0,0,0,0,0,0,0,0,0,0,0,0,0,0,0,0,0]} 1. e4 d6 2. d4 Nf6 3. Nc3 e5 4. Nf3 Nbd7 5. Bc4 Be7 6. O-O O-O 7. a4 c6 8. Qe2 h6 {C41: Philidor Defence} 9. Rd1 {next dxe5 is good for White.} exd4 (9... Qc7 10. Nh4 Re8 11. Nf5 Bf8 12. d5 Nb6 13. Bb3 cxd5 14. a5 Nc4 15. Nxd5 Nxd5 16. Rxd5 b5 17. Rxb5 Be6 {1-0 (54) Inarkiev,E (2667)-Jobava,B (2707) Warsaw 2010}) 10. Nxd4 Ne5 11. Bb3 c5 $146 ({Predecessor:} 11... Bg4 12. f3 Bd7 13. a5 a6 14. f4 Bg4 15. Nf3 Nxf3+ 16. gxf3 {1-0 (31) Hernandez Fernandez,N-Saba,N (1694) ICCF email 2011}) 12. Ndb5 a6 13. Na3 $1 Qc7 14. h3 Be6 15. Nd5 (15. Nc4 {looks sharper.} Nc6 16. Be3 Nb4 17. Bf4 Rad8 18. Ne3) 15... Nxd5 16. Bxd5 Bxd5 17. Rxd5 Rad8 18. Bf4 Qa5 (18... Nd7 $14) 19. Bxe5 $16 dxe5 20. Nc4 $36 {[%mdl 2048] White is really pushing.} Qc7 21. Nxe5 b5 22. axb5 axb5 23. Rad1 Bf6 $2 {[%mdl 8192]} (23... Rxd5 $16 24. Rxd5 (24. exd5 c4 $16) 24... Rd8) 24. Nd7 $18 {[%mdl 64] Double Attack} b4 $2 (24... Rfe8 25. Rxc5 Qa5 26. Rxb5 Qa6) 25. Nxf6+ gxf6 26. Qg4+ Kh7 27. Qf5+ Kg7 28. R1d3 (28. e5 $142 Rxd5 29. Qxf6+ (29. Rxd5 fxe5 30. Rd7 Qb8 $18) 29... Kh7 30. Rxd5) 28... Rxd5 29. Rxd5 (29. Qxd5 $6 Re8 $16) 29... Rd8 30. Rxd8 Qxd8 31. Qxc5 {[%mdl 4096] Endgame KQ-KQ} Qd1+ 32. Kh2 Qc1 {intending ...b3.} 33. Qd4 Qxc2 34. Qxb4 Qxf2 $2 (34... Qc7+ 35. g3 Qc6) 35. Qb8 $1 Qe2 36. b4 $1 {[%cal Bb2b4,Bb4b5,Bb5b6,Bb6b7][%mdl 32]} Qxe4 37. b5 $1 {[%cal Rb5b6]} f5 38. Qg3+ $1 (38. b6 f4 $16) 38... Kh7 (38... Kf8 $142 39. b6 f4) 39. Qc7 Kg7 40. b6 f4 41. Qc3+ $2 (41. b7 {White wants to mate with Qc3+.} Qe3 42. Qa5 (42. b8=Q Qg3+ 43. Kh1 Qe1+ 44. Kh2 Qg3+ 45. Kh1 Qe1+ 46. Kh2 Qg3+ $11) 42... Qg3+ 43. Kh1) 41... Kh7 $2 (41... Kg6 42. Qf3 Qe5) 42. Qf3 $2 (42. Qb3 $1 {[%cal Rb3f7]} Qe5 43. Qxf7+ Kh8 44. Qc7) 42... Qe5 43. b7 Kh8 $2 (43... f6 {was worth a try.} 44. h4 h5) 44. h4 Kh7 45. Kh3 (45. Qb3 $142 f3+ 46. g3) 45... Qe6+ 46. g4 $1 fxg3+ 47. Kxg3 $2 ({White must play} 47. Kg2 $18 Qe8 48. Qd3+ Kh8 49. Qc3+ Kh7 50. Qc2+ Kg7 51. Qb2+ f6 52. b8=Q Qe4+ 53. Kxg3 Qe1+ 54. Qf2 Qc3+ 55. Kg2) 47... Qe5+ $2 {[%mdl 8192]} (47... Qd6+ $11 48. Kf2 f6 49. Qf5+ Kg7) 48. Kf2 Qb2+ 49. Ke3 $2 (49. Kg1 $1 $18 Qc1+ 50. Qf1 Qc5+ 51. Qf2) 49... Qc3+ $11 50. Kf2 $2 {[%mdl 8192]} (50. Kf4 $11 Qf6+ 51. Kg3 Qd6+ 52. Kf2 Qd2+ 53. Qe2 Qd4+ 54. Kf1 Qf6+ 55. Kg2 Qg6+ 56. Kh3 Qf5+ 57. Kh2) 50... Qb2+ $1 $18 51. Kg3 (51. Kg1 $142 $1 Qc1+ 52. Qf1 Qc5+ 53. Qf2) 51... Qe5+ $1 52. Kg2 f5 (52... Kh8 $142 53. Qc6 (53. Qxf7 Qb2+ 54. Kg3 Qe5+ 55. Kf3 Qc3+ 56. Kg4 Qd4+ 57. Kh3 Qc3+ 58. Kh2 Qe5+ 59. Kh3 Qc3+ 60. Kg4 Qd4+ 61. Kh3 Qc3+ $16) 53... Kg7) 53. Kh3 Qb5 {[#]} 54. h5 $1 f4 {[#]} 55. Qe4+ $1 Kh8 56. Kg2 $2 (56. Qe7 $18 {Intending Kg4 and mate.} Qxh5+ 57. Kg2 Qg6+ 58. Kf3 Qg3+ 59. Ke2 f3+ 60. Kd3 f2+ 61. Ke2) 56... Qg5+ $2 {[%mdl 8192]} (56... Qb2+ $11 57. Kf3 Qc3+ 58. Kxf4 Qf6+ 59. Kg4 Qg7+ 60. Kh3 Qc3+ 61. Kh4 Qf6+ 62. Kh3 Qc3+ 63. Kh4 Qf6+ 64. Kh3 Qc3+) 57. Kf1 Qb5+ 58. Ke1 Qa5+ 59. Kf2 $2 (59. Kd1 $18 Qb5 60. Kc2 Qc5+ 61. Kb3 Qb6+ 62. Kc4 Qa6+ 63. Kc5 Qa7+ 64. Kb5) 59... Qc5+ $11 60. Kf3 Qxh5+ $2 {[%mdl 8192]} (60... Qc3+ $11 61. Kf2 Qb2+ 62. Ke1 (62. Kf3 Qc3+ 63. Ke2 Qb2+ 64. Kf1 Qc1+ 65. Ke2 Qb2+ 66. Kf3 Qc3+ $18) 62... Qc1+ 63. Ke2 Qb2+ 64. Kf1 Qc1+ 65. Kf2 Qb2+ 66. Kf3 Qc3+ 67. Kf2 Qd2+ 68. Kf1 Qc1+ 69. Ke2 Qb2+ 70. Kf1 (70. Kf3 Qc3+ $11) 70... Qc1+) 61. Kxf4 $2 ({Better is} 61. Kg2 $18 Qg4+ 62. Kf2 Qh4+ 63. Ke2 Qh5+ 64. Kd2 Qa5+ 65. Kc2 Qa2+ 66. Kc3 Qa3+ 67. Kc4 Qa4+ 68. Kd5 Qd7+ 69. Kc5 Qc7+ 70. Qc6 Qe5+ 71. Qd5 Qc7+ 72. Kd4 Qb6+ 73. Ke4 Qg6+ 74. Ke5 Qg5+ 75. Kd6 Qg6+ 76. Kc5 Qc2+ 77. Qc4) 61... Qf7+ {The position is equal.} 62. Ke3 Qb3+ 63. Kd2 {White threatens Qe5+ and mate.} Qb2+ 64. Kd1 {Strongly threatening Qe8+.} Qb3+ 65. Kc1 Qc3+ 66. Qc2 Qa1+ 67. Qb1 Qc3+ 68. Kd1 Qf3+ 69. Kd2 Qf2+ 70. Kd1 Qf3+ 71. Kc1 Qe3+ 72. Kb2 Qb6+ 73. Kc2 Qg6+ 74. Kc1 Qg1+ 75. Kb2 Qb6+ 76. Ka1 Qa6+ 77. Qa2 Qxb7 {( -> ...Qg7+)} 78. Qe6 Kg7 79. Qg4+ Kh8 {White must now prevent ...Qg7+.} 80. Qe6 Qg7+ 81. Kb1 Qg5 82. Kc2 Kg7 83. Kd3 Qg3+ 84. Ke2 Qg2+ 85. Ke1 h5 86. Qe7+ Kh6 {Accuracy: White = 57%, Black = 45%.} 1/2-1/2

[Event "ITA-ch Women 2019"]
[Site "Padova"]
[Date "2019.12.01"]
[Round "4"]
[White "Santeramo, Alessia"]
[Black "Zimina, Olga"]
[Result "1/2-1/2"]
[WhiteElo "2138"]
[BlackElo "2406"]
[Annotator "ChessBase"]
[PlyCount "126"]
[EventDate "2019.11.28"]
[EventType "tourn"]
[EventCountry "ITA"]
[SourceTitle "playchess.com"]
[Source "ChessBase"]
[SourceQuality "1"]
[TimeControl "40/6600+30:20/3000+30:900+30"]

1. e4 c6 2. d4 d5 3. Nc3 dxe4 4. Nxe4 Nf6 5. Nxf6+ exf6 6. c3 Bd6 7. Bd3 O-O 8. Qc2 Re8+ 9. Ne2 h5 10. Be3 Be6 11. O-O Qc7 12. h3 Nd7 13. c4 Nf8 14. Nc3 Bf4 15. Rae1 Rad8 16. Ne4 Bc8 17. c5 Ne6 18. Bc4 Re7 19. Qc3 b5 20. Bxe6 Bxe6 21. Bxf4 Qxf4 22. Nd6 Red7 23. Qe3 Qxe3 24. Rxe3 a5 25. b3 g6 26. a3 Kg7 27. f4 h4 28. g4 hxg3 29. Rxg3 f5 30. Kf2 Rh8 31. Rd3 a4 32. d5 Bxd5 33. bxa4 bxa4 34. Rg1 Kf6 35. Re1 Re7 36. Rde3 Rxe3 37. Rxe3 Be6 38. Rd3 Rb8 39. Rd4 Rb2+ 40. Ke1 Bb3 41. Nc4 Ra2 42. Rd6+ Kg7 43. Ne3 Rxa3 44. Rxc6 Ra1+ 45. Kd2 Rh1 46. Ra6 Rxh3 47. c6 Rh8 48. Kc3 Rh1 49. Kd2 Rh8 50. Kc3 Be6 51. Nc4 Rh3+ 52. Kb4 Rb3+ 53. Kc5 Rc3 54. Rxa4 Kf6 55. c7 Ke7 56. Kb6 Rb3+ 57. Kc5 Kd7 58. Ne5+ Kxc7 59. Ra7+ Rb7 60. Rxb7+ Kxb7 61. Kd6 Kb6 62. Nxg6 fxg6 63. Kxe6 g5 1/2-1/2